| 000 | 01084cam a22001934a 4500 | ||
|---|---|---|---|
| 005 | 20250605164138.0 | ||
| 008 | 250528s ||||||||||||||||||||||||d | ||
| 035 | _a18875 | ||
| 020 | _a803928238 | ||
| 040 |
_aGR-AtMCL _bgre _dGR-AtMCL _eAACR2 |
||
| 245 | 1 | _aUnderstanding Video / Applications, Impact, and Theory | |
| 260 |
_bSage Publications, _c1987 |
||
| 300 | _a138 | ||
| 520 | _aThis book addresses the aesthetic, perceptual, and practical uses of the new video technologies which are rapidly introducing change into our world. Acknowledgements, Introduction, Video as Visual Communication, The Development of Video, The Characteristics of Video, Perceiving the Image, Applications of Video, Extensions and Expressions Using Video, Experiencing New Video Forms, The Economics of Communicating Through Video Forms, Developing a Theory of Video Communication, Extending Video Communication to Social Experience, Toward a Theory of Video Communication, Glossary, Index, About the Author. | ||
| 700 | 1 |
_aHanson Jarice _95150 |
|
| 942 | _cBK | ||
| 999 |
_c4181 _d4181 |
||